00660nam a22001697a 450000500170000001000130001702000260003003500110005603700130006708200120008010000530009224501200014524600790026526000520034427000720039630000220046820190805132450.0 aUR-10340 c130.00a9789388356206 aU-8895 bDBAD/PUB a270.566 a کيپٹن ز ين ا لعا بد ين خا ن aمسلما نو ں کی پس ما ند گی کی و جو ہا ت cکيپٹن ز ين ا لعا بد ين خا ن bMusalmanon ki Pasmandgi kie Wujuhat (Urdu)aby Captain Zainul Abedin Khan aDelhibEducational Publishing House c2018 ء  a3191,Vakil Sreet Kucha Pandit Lal Kuan bDelhie110006k23216162l- a117 صc22 Cm(Hb)